LEADER 02207nam0-22004931i-450- 001 990001616830403321 005 20121105133837.0 012 $aLei- 3.d. hee- (1ch (3) 1816 (A)$2fei$5ITNA0274: 094.3 B 46:1 012 $al-di i.e- poun seac (3) 1816 (A)$2fei$5ITNA0274: 094.3 B 46:2, v. 2 012 $atia- alsa ).o- dequ (3) 1816 (A)$2fei$5ITNA0274: 094.3 B 46:2, v. 3 035 $a000161683 035 $aFED01000161683 035 $a(Aleph)000161683FED01 035 $a000161683 100 $a20030910d1816----km-y0itay50------ba 101 1 $aita 102 $aIT 105 $ay-------001yy 200 1 $aElementi di filosofia chimica del signor cav. Humphry Davy dottore in legge ... Tradotti dall'inglese in francese dal signor G.B. Van-Mons e in italiano dal signor dott. G. con note de' signori professori L.V. Brugnatelli e P. Configliachi. Tomo primo [-terzo]. con tavole in rame 210 $aNapoli$cpresso Agnello Nobile libraio-stampatore Strada S. Brigida n. 27$d1816 215 $a3 v$cill.$d8° 300 $aCors. ; rom. 307 $aIl v. 1, introdotto da occhietto, contiene: Introduzione alla filosofia chimica del sig. cav. H. Davy... 307 $aSegn. v. 1 : [pigreco]2 [1]-29/4 307 $aSegn. v. 2 : [1]-19/4 307 $aSegn. v. 3 : [1]-27/4 316 $aLegatura in mezza pelle con piatti in carta marmorizzata con nome dell'A., tit. e n. di vol. in oro sul dorso$5ITNA0274: 094.3 B 46:1 316 $aLegatura in mezza pelle con piatti in carta marmorizzata con nome dell'A., tit. e n. di vol. in oro sul dorso; i voll. 2 e 3 legati insieme$5ITNA0274: 094.3 B 46:2 454 0$12001$aElements of chemical philosophy$916685 610 0 $aChimica$aFilosofia 676 $a540.1 700 1$aDavy,$bHumphry$06177 702 1$aConfigliachi,$bPietro 702 1$aBrugnatelli,$bLuigi Valentino 702 1$aMons,$bJean Baptiste : van 719 00$aNobile,$gAgnello$4650 801 0$aIT$bUNINA$gRICA$2UNIMARC 901 $aAQ 912 $a990001616830403321 952 $a60 094.3 B 46:1$b7677$fFAGBC 952 $a60 094.3 B 46:2$b7678$fFAGBC 959 $aFAGBC 996 $aElements of chemical philosophy$916685 997 $aUNINA LEADER 01284nam a2200337 i 4500 001 991004141469707536 008 090212s2009 dcua b 001 0 eng 020 $a9781433803970 020 $a1433803976 035 $ab1381025x-39ule_inst 040 $aSet. Economia - SAGA$bita 082 04$a616.85225 245 00$aDisgust and its disorders :$btheory, assessment, and treatment implications /$cedited by Bunmi O. Olatunji and Dean McKay 260 $aWashington, DC :$bAmerican Psychological Association,$cc2009 300 $axvii, 324 p. :$bill. ;$c26 cm 504 $aIncludes bibliographical references and indexes 650 0$aAversion. 650 12$aPhobic Disorders$xpsychology 650 12$aPhobic Disorders$xtherapy 650 22$aAffective Symptoms$xcomplications 650 22$aCross-Cultural Comparison 650 22$aEmotions 650 22$aPsychotherapy$xmethods 700 1 $aOlatunji, Bunmi O. 700 1 $aMcKay, Dean 907 $a.b1381025x$b28-01-14$c12-02-09 912 $a991004141469707536 945 $aLE025 ECO 616 OLA01.01$g1$i2025000224759$lle025$nProf. Guido$o-$pE59.00$q-$rl$s- $t0$u1$v1$w1$x0$y.i14949908$z06-04-09 996 $aDisgust and its disorders$91225929 997 $aUNISALENTO 998 $ale025$b12-02-09$cm$da $e-$feng$gdcu$h0$i0